00240nam a2200097Ia 4500008004100000100002300041245001900064260003300083300000800116650001800124191201s2009 xx 000 0 und d aKRISHNADHAR, Maloy 0aTrain to India aN. DelhibPenguin Bookc2009 a307 aGeneral Books